| 000 | 00393 a2200145 4500 | ||
|---|---|---|---|
| 005 | 20250624113708.0 | ||
| 020 | _a978-81-203-2859-4 | ||
| 082 | _a657.7ALT | ||
| 100 | _aALTEKAR. V. R. | ||
| 245 | _aSupply Chain Management | ||
| 250 | _a3rd Ed | ||
| 260 |
_aNew Delhi, _bAsoke K. Ghosh, _c2005. |
||
| 300 |
_axvii,; 431p,; ill, table, figure, picture _bGrossary, Index _c23cm |
||
| 942 |
_2ddc _cBKS |
||
| 999 |
_c4848 _d4848 |
||